Unique Names of Countries - Statistics

General Stats
  • This quiz has been taken 53 times
  • The average score is 6 of 11
Answer Stats
Prefix Country % Correct
The Bolivaran Republic of ___________ Venezuela
81%
The Plurinational State of _______ Bolivia
77%
The Grand Duchy of ________ Luxembourg
75%
The Sultanate of _____ Oman
75%
The _______n Federation Russia
69%
The Nation of ____, the Abode of Peace Brunei
63%
The Hashemite Kingdom of _______ Jordan
54%
The _____ Confederation Switzerland (Swiss)
42%
The Federative Republic of _______ Brazil
40%
The Oriental Republic of _______ Uruguay
29%
The Co-operative Republic of ______ Guyana
23%
No matching quizzes found
Score Distribution
Percent of People with Each Score
Percentile by Number Answered
Your Score History
You have not taken this quiz